000 00854nam a2200205 a 4500
003 0
005 20250519141234.0
008 021127s19uu xx 00 eng d
050 _aPGS GV 1469.34.V56
_b.T255 2001
100 _aTecson, John Albert.
245 _aThe effects of violent video games on the academic performance of grade 6 students of Southville International School /
_cJohn Albert Tecson.
260 _aLas PiƱas City, Philippines :
_bSouthville International School and Colleges,
_c2001.
300 _a28 pages :
_bcolored illustrations ;
_c28 cm.
504 _aIncludes bibliographical references.
650 _aVideo games
_vPsychological aspects.
650 _aViolence in video games
_vInfluence.
650 _aAcademic achievement
_vPsychological aspects.
650 _aStudents
_vEffect of video games on..
942 _2lcc
_cPASS
999 _c96443
_d96443